000 00517cam a2200157 4500500
005 20260329000921.0
041 _afre
042 _adc
100 1 0 _aTrousset, Pol
_eauthor
700 1 0 _aPaskoff, Roland
_eauthor
245 0 0 _aLe rĂªve fou de la mer Saharienne
260 _c2013.
500 _a69
786 0 _nL'Histoire - Les Collections | 58 | 1 | 2013-01-10 | p. 56-59 | 2727-6945
856 4 1 _uhttps://shs.cairn.info/magazine-hist-l-hisoire-les-collections-2013-1-page-56?lang=fr&redirect-ssocas=7080
999 _c1800201
_d1800201